| 000 | 00480nam a22001817a 4500 | ||
|---|---|---|---|
| 003 | OSt | ||
| 005 | 20151125173455.0 | ||
| 008 | 151125b xxu||||| |||| 00| 0 eng d | ||
| 020 | _a0813325226 | ||
| 040 | _cDDC | ||
| 082 | _a338.9ROB 1995; | ||
| 100 |
_aROBERTSON A.F; _96309 |
||
| 245 |
_aThe big catch; _bA Practical Introduction to Development. |
||
| 260 |
_aUK; _bWestview Press. _c1995. |
||
| 300 |
_avi,144p; _bill: _c22cm |
||
| 650 |
_aeducation. _91404 |
||
| 942 |
_2ddc _cSLOAN |
||
| 999 |
_c2690 _d2690 |
||